Statistics for Phoebe Bridgers - Savior Complex (Lyrics)

Click here to take the quiz!

General Stats

  • This quiz has been taken 272 times
  • The average score is 117 of 141

Answer Stats

Answer% Correct
a
100%
I
99%
You
97%
you
97%
the
96%
your
95%
and
94%
In
94%
in
94%
me
94%
savior
94%
complex
93%
when
92%
I'll
91%
on
91%
I'm
90%
bad
89%
mine
89%
show
89%
Show
89%
With
89%
yours,
89%
yours
89%
All
87%
To
86%
to
86%
you're
85%
You're
85%
affair
84%
Emotional
84%
one
84%
One
84%
have
83%
that
82%
too
81%
up
81%
hide
80%
liar
80%
Overly
80%
sincere
80%
tired
80%
contest
79%
pissing
79%
down
78%
tears,
78%
Crocodile
77%
hand
77%
vampire
77%
windows
77%
blood
76%
car,
76%
dreams
76%
it's
76%
want
76%
Baby,
74%
wheel,
74%
But
73%
Smoking
73%
'til
73%
Turn
73%
turn
73%
clear
72%
for
72%
mouth
72%
room
72%
apartment
71%
big
71%
drive
70%
drown
70%
fire
70%
gonna
69%
sleep
69%
start
69%
tap
69%
Call
68%
land
68%
skeletons
68%
shore
67%
around
66%
sure
66%
again
65%
off
65%
Wake
65%
drag
64%
run
64%
through
63%
Drift
62%
Sweating
62%
floor
61%
promised
61%
our
59%
sheets
47%

Score Distribution

Percentile by Number Answered

Percent of People with Each Score

Your Score History

You have not taken this quiz